Statistics for Disney Villains

Click here to take the quiz!

General Stats

  • This quiz has been taken 92,455 times
    (22,264 since last reset)
  • The average score is 14 of 20

Answer Stats

VillainMovie% Correct
Captain HookPeter Pan
99%
ScarThe Lion King
98%
Cruella de Vil101 Dalmatians
94%
UrsulaThe Little Mermaid
93%
JafarAladdin
92%
HadesHercules
88%
Queen of HeartsAlice in Wonderland
85%
GastonBeauty and the Beast
85%
MaleficentSleeping Beauty
84%
Shan YuMulan
82%
The Sheriff of NottinghamRobin Hood
77%
Prince HansFrozen
76%
Shere KhanThe Jungle Book
73%
Mother GothelTangled
58%
SyndromeThe Incredibles
55%
Sid PhillipsToy Story
52%
YzmaThe Emperor's New Groove
50%
Queen GrimhildeSnow White and the
Seven Dwarfs
42%
HopperA Bug's Life
37%
RatiganThe Great Mouse Detective
25%

Score Distribution

Percentile by Number Answered

Percent of People with Each Score

Your Score History

You have not taken this quiz since the last reset